| 000 | 01518cab a22002535a 4500 | ||
|---|---|---|---|
| 001 | L142919 | ||
| 008 | 080319e20080314xxk f 000 0 eng d | ||
| 035 | _a(Sirsi) u142919 | ||
| 041 | 0 | _aeng | |
| 100 | 1 | _aDovar, Daniel | |
| 245 | 0 | 0 | _aMoney back guaranteed? |
| 260 | _c2008 | ||
| 490 |
_aNew Law Journal _v(7312/7313) 14 and 21 March 2008, 397-398(2) |
||
| 520 | _aExamines the functioning, effect and usefulness of the Tenancy Deposit Scheme, a year after its introduction. Provides an overview of actions required for compliance with the scheme. Describes the functioning of the Deposit Protection Service, including the process to be followed by tenants and landlords in the event of a dispute. Covers the methods of dispute resolution available, including court claims and The Dispute Service which offers arbitration and adjudication. Reports that the scheme appears to have been successful within its first year of operation, and suggests extending it to include tenancies other than assured shortholds. | ||
| 590 | _aKA | ||
| 650 | 2 | 4 | _aHOUSING ACT 2004 |
| 650 | 2 | 4 | _aHOUSING (TENANCY DEPOSITS) (PRESCRIBED INFORMATION) ORDER 2007 |
| 650 | 2 | 4 | _aHOUSING ACT 1988 |
| 651 | 4 |
_aEngland and Wales _y1543- |
|
| 690 | _aPROPERTY-RESIDENTIAL PROPERTY-RESIDENTIAL LANDLORD AND TENANT-RESIDENTIAL TENANCIES-ASSURED TENANCIES | ||
| 690 | _aMANAGEMENT-DISPUTE AVOIDANCE, MANAGEMENT AND RESOLUTION-DISPUTE MANAGEMENT AND RESOLUTION-ALTERNATIVE DISPUTE RESOLUTION | ||
| 700 | 1 | _aWalsh, Michael | |
| 942 | _n0 | ||
| 999 |
_c79976 _d79976 |
||